20 Most Powerful Countries - Statistics

General Stats
  • This quiz has been taken 117 times
  • The average score is 18 of 20
Answer Stats
Rank Region Country % Correct
2 Eastern Europe/North Asia Russia
99%
3 East Asia China
98%
4 Western/Central Europe Germany
98%
5 Western Europe United Kingdom
98%
6 Western Europe France
97%
9 Western Asia Saudi Arabia
97%
13 Western Asia Iran
95%
12 North America Canada
94%
7 East Asia Japan
94%
1 North America United States
94%
17 South Asia India
93%
18 South Central Europe Italy
93%
15 Oceania Australia
92%
8 Middle East Israel
91%
10 East Asia South Korea
88%
16 Anatolian Peninsula Turkey
86%
19 Western Asia Iraq
83%
14 Central Europe Switzerland
75%
11 Western Asia United Arab Emirates
75%
20 Southeast Asia Singapore
69%
No matching quizzes found
Score Distribution
Percent of People with Each Score
Percentile by Number Answered
Your Score History
You have not taken this quiz